Argentina LPF 2024 - Statistics

General Stats
  • This quiz has been taken 23 times
  • The average score is 16 of 28
Answer Stats
Answer % Correct
2 Boca Juniors
100%
1 River Plate
95%
5 Estudiantes
91%
7 Racing
91%
3 Independiente
86%
25 Newell's Old Boys
73%
22 Rosario Central
73%
4 San Lorenzo
73%
12 Velez
73%
24 Argentinos Juniors
68%
6 Huracan
68%
17 Belgrano
64%
18 Gimnasia
59%
16 Lanus
59%
11 Talleres
59%
8 Union
59%
27 Banfield
55%
15 Platense
55%
14 Instituto
50%
10 Riestra
50%
19 Tigre
50%
28 Barracas Central
45%
23 Godoy Cruz
45%
9 Independiente Riv.
41%
26 Sarmiento
41%
13 Atl. Tucuman
9%
21 Def. y Justicia
5%
20 Cen. Cordoba
0%
No matching quizzes found
Score Distribution
Percent of People with Each Score
Percentile by Number Answered
Your Score History
You have not taken this quiz